• 首页
  • 本馆介绍
  • 公告通知
  • 最新文献
  • 馆藏检索
  • 电子资源
  • 读者导购
  • 参考咨询
  • 我的图书馆
  • 登录
  • 详细信息显示
  • 放入我的书架
  • 预约/预借图书
  • 作者相关作品
  • 分类相关作品
  • 丛书相关作品
  • 出版社相关作品

书目信息

  • 表格格式
  • 工作单格式
  • 卡片格式
题名:
中国动物志
    
 
作者: 任国栋 著
分册: 第六十三卷   昆虫纲
出版信息: 北京   科学出版社  2016
页数: 532页
开本: 26cm
丛书名:
单 册:
中图分类: Q958.52 , Q958.2
科图分类:
主题词: 动物志--中国 , 昆虫纲--动物志--中国 , 鞘翅目--动物志--中国 , 拟步甲科--动物志--中国
电子资源:
ISBN: 978-7-03-048871-8
000 01330nam0 2200289 450
001 1443
005 20180929082041.54
010    @a978-7-03-048871-8@b精装@dCNY308.00
100    @a20160826d2016 em y0chiy50 ea
101 0  @achi@deng
102    @aCN@b110000
105    @aabf z 001yy
200 1  @a中国动物志@9zhong guo dong wu zhi@i昆虫纲@h第六十三卷@i鞘翅目@i拟步甲科@h一@dFauna sinica@iInsecta@hVol.63@iColeoptera@iTenebrionidae@hI@f任国栋等著@zeng
210    @a北京@c科学出版社@d2016
215    @a532页@c图,地图@d26cm
300    @a国家科学技术学术著作出版基金资助出版 国家自然科学基金重大项目 国家科学技术学术著作出版基金资助出版(国家自然科学基金委员会 中国科学院 科学技术部资助)
330    @a本书分总论和各论两大部分。总论包括了琵甲族的分类地位与研究简史、分类系统与系统发育、生物学与经济意义、地理分布等;各论中编制了属、种检索表,总结了每个亚族的主要特征、属的主要特征和鉴别特征;每种下均有详细的文献引证、描述、检视标本、分布等信息。
510 1  @aFauna sinica@iInsecta@hVol.63@iColeoptera@iTenebrionidae@hI@zeng
606 0  @a动物志@y中国
606 0  @a昆虫纲@x动物志@y中国
606 0  @a鞘翅目@x动物志@y中国
606 0  @a拟步甲科@x动物志@y中国
690    @aQ958.52@v5
690    @aQ958.2@v4
701  0 @a任国栋@9ren guo dong@4著
801  0 @aCN@b91MARC@c20160826
905    @aMuseLib@dQ958.2@e11:2(63)
    
    中国动物志.昆虫纲.第六十三卷.鞘翅目.拟步甲科.一=Fauna sinica.Insecta.Vol.63.Coleoptera.Tenebrionidae.I/任国栋等著.-北京:科学出版社,2016
    532页:图,地图;26cm
    国家科学技术学术著作出版基金资助出版 国家自然科学基金重大项目 国家科学技术学术著作出版基金资助出版(国家自然科学基金委员会 中国科学院 科学技术部资助)
    
    ISBN 978-7-03-048871-8(精装):CNY308.00
    本书分总论和各论两大部分。总论包括了琵甲族的分类地位与研究简史、分类系统与系统发育、生物学与经济意义、地理分布等;各论中编制了属、种检索表,总结了每个亚族的主要特征、属的主要特征和鉴别特征;每种下均有详细的文献引证、描述、检视标本、分布等信息。
●
相关链接 在E读中查询图书 在五车中查询图书 在当当中查询图书 在豆瓣中查询图书


正题名:中国动物志     索取号:Q958.2/11:2(63)         预约/预借

序号 登录号 条形码 馆藏地/架位号 状态 备注
1 1122665   211226653   第二样本阅览室/ [索取号:Q958.2/11:2(63)] 在馆    
2 1122666   211226662   生命科学系资料室/ [索取号:Q958.2/11:2(63)] 在馆    
唐山师范学院图书馆 欢迎您!
大连网信软件有限公司© 版权所有